00906 2200301 4500001002100000005001500021035002000036007000300056008004100059020002200100082001900122084002100141100002800162245007500190250003400265300002800299650003000327700003900357264003400396336002100430337003000451338002300481040002200504090002200526850001200548999002200560990002200582INLIS00000000087553020221122083856 a0010-1122000486ta220921s2022 yoi g j ind d a978-623-8024-15-504223a899.221301 a899.221301 DWI k0 aDwi ErnawatiePengarang10aKembanging pranawa /cDwi Ernawati, penyunting, Bethy Mahara Setyawati aCetakan pertama, Oktober 2022 avi, 74 halaman ;c21 cm 4aCerita pendek--xKumpulan0 aBethy Mahara SetyawatiePenyunting31aBantul :bAnanta Vidya,c2022 2rdacontentateks 2rdamediaatanpa perantara 2rdacarrieravolume aYOPDYOGbinderda aCB-D.11 2022-1811 aYOPDYOG aCB-D.11/2022-1811 aCB-D.11/2022-1811